| 000 | 03996nas1a22005771i 4500 | ||
|---|---|---|---|
| 001 | RU\NLR\INFOCOMM10\1000152477 | ||
| 005 | 20240725234612.0 | ||
| 035 | _a(NLR Aleph) 002777124 | ||
| 090 |
_a2371816 _c2371816 |
||
| 100 | _a20040217c1965 |||y0rusy50 ca | ||
| 101 | 0 | _arus | |
| 102 | _aRU | ||
| 110 | _aayu||||0|y0 | ||
| 200 | 1 |
_aДвигатели внутреннего сгорания _h[Тема]10 _fМ-во тяжелого, энергет. и трансп. машиностроения СССР. Науч.-исслед. ин-т информации по тяжелому, энергет. и трансп. машиностроению. НИИИНФОРМТЯЖМАШ |
|
| 210 |
_aМ. _d1965- |
||
| 300 | _aДо 1965 г. выходило бех деления на темы (Ш.П11/2231) | ||
| 712 | 0 | 2 |
_aНаучно-исследовательский институт информации по тяжелому, энергетическому и транспортному машиностроению _cМосква _4570 |
| 801 | 1 |
_aRU _bInfoComm _c20040217 |
|
| 801 | 0 |
_aRU _bNLR _gPSBO |
|
| 852 |
_aNLR _j65-6/6901 |
||
| 852 |
_aNLR _j65-6/12840 |
||
| 852 |
_aNLR _j66-6/4165 |
||
| 852 |
_aNLR _j65-6/11875 |
||
| 852 |
_aNLR _j66-5/252 |
||
| 852 |
_aNLR _j66-6/310 |
||
| 852 |
_aNLR _j66-6/316 |
||
| 852 |
_aNLR _j66-6/1189 |
||
| 852 |
_aNLR _j66-6/1316 |
||
| 852 |
_aNLR _j66-6/8070 |
||
| 852 |
_aNLR _j67-6/42 |
||
| 852 |
_aNLR _j67-6/2550 |
||
| 852 |
_aNLR _j50К/8532 |
||
| 852 |
_aNLR _j66-6/8925 |
||
| 942 | _cJOURNAL | ||
| 980 | _aRUSPER | ||